| 000 | 00946nam a2200265Ia 4500 | ||
|---|---|---|---|
| 001 | 21960 | ||
| 005 | 20260320113329.0 | ||
| 008 | 260320s9999||||xx |||||||||||||| ||und|| | ||
| 020 | _a9786123262341 | ||
| 041 | _aESP | ||
| 082 |
_a338.1985 _bA81 |
||
| 100 |
_aAsensio, Raúl, _eAUT |
||
| 245 | 0 |
_aBreve historia del desarrollo rural en el Perú (1900-2020) _b |
|
| 246 |
_a _5 _b |
||
| 250 | _aPrimera edición, primera reimpresión | ||
| 260 |
_aLima : _bIEP Instituto de Estudios Peruanos, _c2024 |
||
| 300 |
_a380 páginas : _b _c21 cm. _e |
||
| 440 |
_a(Perú problema _n; número 75) _v |
||
| 650 | _aCIS | ||
| 653 | _aEconomía; Desarrollo económico; Desarrollo rural; Ruralidad; Programas gubernamentales; Políticas sociales; Polpiticas públicas | ||
| 654 | _aCHU | ||
| 700 |
_a _c |
||
| 856 |
_uhttps://0u20jme4p-y-https-www-jstor-org.itmsp.museknowledge.com/ _zVéase además: Base de datos JSTOR |
||
| 942 |
_cLIB _dJUS _fTRC _2ddc _n |
||
| 999 |
_c21960 _d21960 |
||